| 000 | 00531ntaaa2200193 4500 | ||
|---|---|---|---|
| 003 | 01 | ||
| 005 | 20251027202442.0 | ||
| 008 | 0714s1973 ag 01 | ||
| 040 |
_aAR-BaBN _bspa _cAR-BaBN _eaacr _dRIC |
||
| 082 | _a266.0100 H66 | ||
| 100 |
_aHodges, Melvin L. _915719 |
||
| 245 | _aOn to the mission field; the indigenous church. | ||
| 250 | _a1 ed. | ||
| 260 |
_aChicago : _bMoody Press, _cc1953 |
||
| 300 | _a128 p. | ||
| 500 | _ala iglesia indĂgena en el campo misionero | ||
| 650 |
_aMisiones-FilosofĂa _917151 |
||
| 942 | _cBK | ||
| 999 |
_c19479 _d19479 |
||